Disney Characters that Start with E - Statistics

General Stats
  • This quiz has been taken 90 times
  • The average score is 7 of 16
Answer Stats
Picture Answer % Correct
Elsa
100%
Eric
77%
Eeyore
73%
Elastigirl
72%
Eve
70%
Edna Mode
62%
Esmeralda
59%
Emperor Kuzco
46%
Emperor Zurg
32%
Ernesto de la Cruz
28%
Elliot
24%
Elinor
23%
Edgar Balthazar
16%
Evinrude
8%
Enchantress
7%
Elsa the Lioness
4%
No matching quizzes found
Score Distribution
Percent of People with Each Score
Percentile by Number Answered
Your Score History
You have not taken this quiz